Podnikanie v kolektívnom investovaní bakalárska práca

Uložené v:
Podrobná bibliografia
Hlavný autor: Pangrác, Samuel
Korporativný autor: Národohospodárska fakulta EU. Katedra financií
Ďalší autori: Šípová, Miriana, 1997-
Médium: Kniha
Jazyk:Slovak
Vydavateľské údaje: Bratislava 2025
Tagy: Pridať tag
Žiadne tagy, Buďte prvý, kto otaguje tento záznam!

MARC

LEADER 00000nbm a2200000 4500
001 0309421
005 20260120145857.2
041 0 |a slo 
044 |a SK 
245 1 0 |a Podnikanie v kolektívnom investovaní  |b bakalárska práca  |c Samuel Pangrác ; školiteľ: Miriana Šípová 
264 1 |a Bratislava  |c 2025 
300 |a 67 s. 
100 1 |a Pangrác, Samuel 
700 1 |a Šípová, Miriana, 1997- 
710 2 |a Národohospodárska fakulta EU. Katedra financií